Statistics for Most Coronavirus Infected Countries

Click here to take the quiz!

General Stats

  • This quiz has been taken 64 times
    (27 since last reset)
  • The average score is 12 of 16

Answer Stats

Confirmed CasesCountry% Correct
>1,725,000United States
96%
>82,000China
92%
>151,000India
92%
>86,000Canada
88%
>265,000United Kingdom
88%
>394,000Brazil
85%
>182,000France
85%
>370,000Russia
85%
>181,000Germany
81%
>230,000Italy
81%
>283,000Spain
73%
>158,000Turkey
73%
>139,000Iran
62%
>77,000Chile
42%
>129,000Peru
42%
>76,000Saudi Arabia
42%

Score Distribution

Percentile by Number Answered

Percent of People with Each Score

Your Score History

You have not taken this quiz since the last reset